Czy znasz kraje na litere D - Statystyki

Ogólne statystyki
  • Ten quiz został rozwiązany 499 razy
  • Średni wynik to 3 z 5
Statystyki odpowiedzi
KRAJ % Poprawnych
Dania
96%
Dominika
74%
Dominikana
69%
Demokratyczna Republika Konga
51%
Dżibuti
46%
Nie znaleziono quizów pasujących do podanych kryteriów
Rozkład punktacji
Procent ludzi z każdym wynikiem
Percentyl według liczby udzielonych odpowiedzi
Twoja historia wyników
Nie rozwiązałeś tego quizu